MARC

LEADER 00000nam0a2200000 4500
001 374133
005 20231102012627.0
035 |a (RuTPU)RU\TPU\retro\31567 
035 |a RU\TPU\book\311090 
090 |a 374133 
100 |a 20221216d1971 m y0rusy50 ca 
101 0 |a rus 
102 |a RU 
105 |a c z 000gy 
200 1 |a Томь-река  |e лирика  |f В. М. Баянов  |g под ред. А. Москвитина 
210 |a Москва  |c Современник  |d 1971 
215 |a 112 с.  |c портр. 
606 1 |a Русская литература современная  |2 stltpush  |3 (RuTPU)RU\TPU\subj\26373  |9 50316 
610 1 |a поэзия 
610 1 |a лирика 
610 1 |a стихотворения 
610 1 |a природа 
610 1 |a Сибирь 
675 |a Р2  |v 3 
700 1 |a Баянов  |b В. М.  |g Виктор Михайлович 
702 1 |a Москвитин  |b А.  |4 340 
801 1 |a RU  |b 63413507  |c 20150310 
801 2 |a RU  |b 63413507  |c 20221216  |g RCR 
942 |c BK